Forenzný audit ako efektívny spôsob využívania špecifických postupov, nástrojov a techník v audite diplomová práca

Na minha lista:
Detalhes bibliográficos
Autor principal: Balážová, Barbora
Autor Corporativo: Fakulta hospodárskej informatiky EU. Katedra účtovníctva a audítorstva
Outros Autores: Kareš, Ladislav
Formato: Livro
Idioma:eslovaco
Publicado em: Bratislava 2012
Tags: Adicionar Tag
Sem tags, seja o primeiro a adicionar uma tag!

MARC

LEADER 00000nbm a2200000 4500
001 0154791
005 20161109102144.9
041 0 |a slo 
044 |a SK 
245 1 0 |a Forenzný audit ako efektívny spôsob využívania špecifických postupov, nástrojov a techník v audite  |b diplomová práca  |c Barbora Balážová ; školiteľ: Ladislav Kareš 
264 1 |a Bratislava  |c 2012 
300 |a 70 s. 
100 1 |a Balážová, Barbora 
700 1 |a Kareš, Ladislav 
710 2 |a Fakulta hospodárskej informatiky EU. Katedra účtovníctva a audítorstva